00366nam a2200145Ia 4500020001800000082002800018245002200046260006300068300001400131650001300145650001000158650001600168650001800184700001800202 a81-85835-47-0 a147.0954 VIT- SL1 0aVitality of India aChandigarhbCentre for Research in Rural and Industrc2004 axlii, 366 aVitality aIndia aVital force aEnergy, Vital aGopal Krishan